All Lana Del Rey Songs (updated April 2026) - Statistics

General Stats
  • This quiz has been taken 85 times
    15 since last reset
  • The average score is 96 of 168
Answer Stats
Hint Answer % Correct
Art Deco
100%
High By The Beach
100%
Honeymoon
100%
Arcadia
88%
Blue Jeans
88%
Born To Die
88%
Carmen
88%
Chemtrails Over The Country Club
88%
Cola
88%
Don't Let Me Be Misunderstood
88%
Freak
88%
Happiness is a butterfly
88%
Lolita
88%
Lust For Life (with The Weeknd)
88%
Mariners Apartment Complex
88%
Music To Watch Boys To
88%
Norman fucking Rockwell
88%
Off To The Races
88%
Salvatore
88%
Swan Song
88%
Text Book
88%
Ultraviolence
88%
Venice Bitch
88%
Video Games
88%
Yayo
88%
24
75%
A&W
75%
Bel Air
75%
Black Beauty
75%
Blue Banisters
75%
Blue Velvet
75%
Brooklyn Baby
75%
Cherry
75%
Did you know that there's a tunnel under Ocean Blvd
75%
Florida Kilos
75%
God Knows I Tried
75%
hope is a dangerous thing for a woman like me to have - but I have it
75%
Lana Del Rey Kill Kill
75%
Love
75%
Margaret (feat. Bleachers)
75%
Money Power Glory
75%
National Anthem
75%
Old Money
75%
Paris, Texas (feat. SYML)
75%
Radio
75%
Religion
75%
Sad Girl
75%
Shades Of Cool
75%
Summer Bummer (feat. A$AP Rocky & Playboi Carti)
75%
Summertime Sadness
75%
Terrence Loves You
75%
The Grants
75%
This Is What Makes Us Girls
75%
Tulsa Jesus Freak
75%
West Coast
75%
Without You
75%
2013 Young And Beautiful
75%
American
63%
Black Bathing Suit
63%
Burnt Norton - Interlude
63%
California
63%
Candy Necklace (feat. Jon Batiste)
63%
Cherry Blossom
63%
Cinnamon Girl
63%
Cruel World
63%
Dark Paradise
63%
Dealer (with Miles Kane)
63%
Diet Mountain Dew
63%
Doin' Time
63%
Get Free
63%
God Bless America - And All The Beautiful Women In It
63%
Gods & Monsters
63%
Groupie Love (feat. A$AP Rocky)
63%
Henry, come on
63%
If You Lie Down With Me
63%
Jon Batiste Interlude
63%
Judah Smith Interlude
63%
Let Me Love You Like A Woman
63%
Let The Light In (feat. Father John Misty)
63%
Living Legend
63%
Love song
63%
Lucky Ones
63%
Mermaid Motel
63%
Nectar Of The Gods
63%
Peppers (feat. Tommy Genesis)
63%
Pretty When You Cry
63%
Queen of the Gas Station
63%
Ride
63%
Sweet
63%
Sweet Carolina
63%
Taco Truck x VB
63%
The Blackest Day
63%
The greatest
63%
The Next Best American Record
63%
White Mustang
63%
Wildflower Wildfire
63%
13 Beaches
50%
Bartender
50%
Beautiful
50%
Bluebird
50%
Body Electric
50%
Coachella - Woodstock In My Mind
50%
Dark But Just A Game
50%
Don't Call Me Angel (Charlie's Angels) (with Ariana Grande & Miley Cyrus)
50%
Fingertips
50%
Fishtail
50%
For Free (with Zella Day & Weyes Blood)
50%
For K, Pt. 2
50%
Fucked My Way Up To The Top
50%
Fuck it I love you
50%
Grandfather please stand on the shoulders of my father while he's deep-sea fishing (feat. RIOPY)
50%
Guns And Roses
50%
Heroin
50%
How to disappear
50%
In My Feelings
50%
Interlude - The Trio
50%
Kintsugi
50%
Million Dollar Man
50%
Not All Who Wander Are Lost
50%
Put Me in a Movie
50%
Snow On The Beach (with Taylor Swift)
50%
2016 Stargirl Interlude (with The Weeknd)
50%
The Other Woman
50%
Violets for Roses
50%
When The World Was At War We Kept Dancing
50%
White Dress
50%
White Feather Hawk Tail Deer Hunter
50%
Beautiful People Beautiful Problems (feat. Stevie Nicks)
38%
Blue Skies
38%
Breaking Up Slowly (with Nikki Lane)
38%
Burning Desire
38%
Change
38%
2018 God Save Our Young Blood (with BØRNS)
38%
Gramma (Blue Ribbon Sparkler Trailer Heaven)
38%
Oh Say Can You See
38%
2014 Once Upon a Dream
38%
Pawn Shop Blues
38%
Raise Me Up (Mississippi South)
38%
Smarty
38%
Take Me Home, Country Roads
38%
Thunder
38%
Tomorrow Never Came (feat. Sean Ono Lennon)
38%
2022 Watercolor Eyes
38%
Wild At Heart
38%
Yosemite
38%
Big Eyes
25%
Buddy's Rendezvous (with Father John Misty)
25%
Dance Till We Die
25%
First Light
25%
Hollywood Bowl (with Rob Grant)
25%
I Can Fly
25%
Jump
25%
Lost At Sea (with Rob Grant)
25%
2023 Say Yes To Heaven
25%
2019 Season Of The Witch
25%
2024 Tough (with Quavo)
25%
Brite Lites
13%
2020 Hallucinogenics (with Matt Maeson)
13%
Looking For America
13%
2025 The Abyss (with The Weeknd)
13%
Singles Wait For Life (with Emile Haynie)
13%
You Must Love Me
13%
All For You (with French Montana, Snoop Dogg & Wiz Khalifa)
0%
Dayglo Reflection (with Bobby Womack)
0%
2021 Secret Life (with Bleachers)
0%
Suburban House (with Holly Macve)
0%
Summertime The Gershwin Version
0%
You'll Never Walk Alone
0%
No matching quizzes found
Score Distribution
Percent of People with Each Score
Percentile by Number Answered
Your Score History
You have not taken this quiz since the last reset